[Event "SRI-ch (Women)"]
[Site "Colombo"]
[Date "2017.08.12"]
[Round "4"]
[White "Ranasinghe, Sachini D"]
[Black "Gunawardana, IMTM"]
[Result "1-0"]
[WhiteElo "1730"]
[BlackElo "1503"]
[PlyCount "89"]
[EventDate "2017.08.10"]
[EventType "tourn"]
[EventRounds "13"]
[EventCountry "SRI"]
[SourceTitle "CBM 180 Extra"]
[Source "ChessBase"]
[SourceDate "2017.10.06"]
[SourceVersion "1"]
[SourceVersionDate "2017.10.06"]
[SourceQuality "1"]

1. Nf3 Nf6 2. g3 d5 3. Bg2 e6 4. 0-0 c5 5. d3 Nc6 6. Nfd2 Be7 7. e4 0-0 8. Nc3 d4 9. Ne2 e5 10. f4 Ng4 11. Nf3 f5 12. h3 fxe4 13. dxe4 Nf6 14. Nxe5 Nxe5 15. fxe5 Nd7 16. e6 Ne5 17. Nf4 Qd6 18. Nd3 Rxf1+ 19. Qxf1 Bxe6 20. Bf4 Bf6 21. Nxe5 Bxe5 22. Bxe5 Qxe5 23. Qf4 Qxf4 24. gxf4 g6 25. Kf2 Rf8 26. Kf3 b6 27. Bf1 Kg7 28. a4 Bd7 29. Kg3 Kh6 30. Bb5 Be6 31. a5 Rf6 32. axb6 axb6 33. b3 Bc8 34. Ra7 Be6 35. Re7 Bc8 36. Rc7 Rf8 37. Bd3 Re8 38. e5 Bf5 39. Bxf5 gxf5 40. Rc6+ Kg7 41. Rxb6 Rc8 42. Rd6 Kf7 43. Kh4 Ke7 44. Kg5 Rf8 45. Rc6 1-0

[Event "SRI-ch (Women)"]
[Site "Colombo"]
[Date "2017.08.11"]
[Round "3"]
[White "Yapa Bandara, Chamodya"]
[Black "Gunawardana, IMTM"]
[Result "1-0"]
[WhiteElo "1614"]
[BlackElo "1503"]
[PlyCount "81"]
[EventDate "2017.08.10"]
[EventType "tourn"]
[EventRounds "13"]
[EventCountry "SRI"]
[SourceTitle "CBM 180 Extra"]
[Source "ChessBase"]
[SourceDate "2017.10.06"]
[SourceVersion "1"]
[SourceVersionDate "2017.10.06"]
[SourceQuality "1"]

1. d4 Nf6 2. c4 c5 3. d5 b5 4. cxb5 a6 5. bxa6 Bxa6 6. Nc3 d6 7. e4 Bxf1 8. Kxf1 g6 9. Nf3 Bg7 10. g3 0-0 11. Kg2 Qa5 12. a4 Nbd7 13. Qc2 Ng4 14. Bd2 Nge5 15. Nb5 Qb6 16. Nxe5 Nxe5 17. f4 Nd7 18. Rab1 Rfc8 19. b3 Qb7 20. Rhc1 Nb6 21. Be3 Qd7 22. Qd2 Rd8 23. Qf2 f5 24. Qf3 Qb7 25. Rd1 e6 26. dxe6 fxe4 27. Qe2 Qe7 28. g4 d5 29. f5 d4 30. Bf4 e3 31. Nc7 Rac8 32. a5 Na8 33. Nb5 Qb7+ 34. Kg1 Bf6 35. g5 Qe4 36. gxf6 Qxf4 37. e7 Re8 38. Qg2 Kf7 39. fxg6+ hxg6 40. Qd5+ Kxf6 41. Rf1 1-0

[Event "SRI-ch (Women)"]
[Site "Colombo"]
[Date "2017.08.10"]
[Round "2"]
[White "Gunawardana, IMTM"]
[Black "Mendis, Dasuni Hansika"]
[Result "1/2-1/2"]
[WhiteElo "1503"]
[BlackElo "1663"]
[PlyCount "108"]
[EventDate "2017.08.10"]
[EventType "tourn"]
[EventRounds "13"]
[EventCountry "SRI"]
[SourceTitle "CBM 180 Extra"]
[Source "ChessBase"]
[SourceDate "2017.10.06"]
[SourceVersion "1"]
[SourceVersionDate "2017.10.06"]
[SourceQuality "1"]

1. e4 c5 2. Nf3 d6 3. Bb5+ Bd7 4. Bxd7+ Qxd7 5. 0-0 Nc6 6. c3 Nf6 7. Re1 e6 8. d4 cxd4 9. cxd4 d5 10. e5 Ne4 11. Nc3 Nxc3 12. bxc3 Be7 13. Bf4 0-0 14. Rc1 Rac8 15. Qd3 Qd8 16. Re3 Na5 17. Nd2 Bg5 18. Rh3 h6 19. Bxg5 Qxg5 20. Rg3 Qe7 21. Rf1 Nc4 22. Nb3 f6 23. exf6 Rxf6 24. Rg6 Rxg6 25. Qxg6 Qf7 26. Qg4 b6 27. Qg3 Qc7 28. Qg6 Qf7 29. Qd3 Nd6 30. Nd2 Qf8 31. Qe3 Nb5 32. Rc1 Qf6 33. Nf3 Nd6 34. h3 Nf5 35. Qd3 Nd6 36. Qe3 Nc4 37. Qe2 Qf5 38. Re1 Re8 39. Nh4 Qf6 40. Qg4 Nd6 41. f3 Qf7 42. Ng6 Nf5 43. Nf4 Re7 44. Nd3 Rc7 45. Nf4 Re7 46. Nd3 Rc7 47. Nf4 Rc6 48. Re5 Rd6 49. Nd3 h5 50. Qg5 h4 51. Nf4 Qf6 52. Qh5 Qf7 53. Qg5 Qd7 54. Qg6 Qf7 1/2-1/2

[Event "SRI-chB (Women)"]
[Site "Narahenpita"]
[Date "2017.05.20"]
[Round "8"]
[White "Gunawardana, IMTM"]
[Black "Kanakarathne, S Nevinka De Silva"]
[Result "1-0"]
[WhiteElo "1579"]
[BlackElo "1409"]
[PlyCount "67"]
[EventDate "2017.05.12"]
[EventType "swiss"]
[EventRounds "10"]
[EventCountry "SRI"]
[SourceTitle "CBM 178 Extra"]
[Source "ChessBase"]
[SourceDate "2017.06.22"]
[SourceVersion "1"]
[SourceVersionDate "2017.06.22"]
[SourceQuality "1"]

1. e4 d5 2. exd5 Qxd5 3. Nc3 Qa5 4. d4 c6 5. Nf3 Bf5 6. Bc4 e6 7. 0-0 Nf6 8. Re1 Be7 9. Re5 Qd8 10. Nh4 Bg4 11. Qd3 Nfd7 12. Re4 Bh5 13. Qg3 Bg6 14. Nxg6 hxg6 15. Bf4 Nf6 16. Ree1 Qxd4 17. Bxe6 Nh5 18. Qh3 Qxf4 19. Bxf7+ Kxf7 20. Qe6+ Kf8 21. Qxe7+ Kg8 22. Qxb7 Nf6 23. h3 g5 24. Qxa8 Kh7 25. Qxa7 g4 26. Qe3 Qc7 27. hxg4 Kg6 28. Qd3+ Kf7 29. Qc4+ Kf8 30. g3 c5 31. Ne4 Nxe4 32. Qxe4 Qf7 33. Rad1 g5 34. Rd8+ 1-0

[Event "SRI-chB (Women)"]
[Site "Narahenpita"]
[Date "2017.05.14"]
[Round "4"]
[White "Gunawardana, IMTM"]
[Black "Withanarachchi, WA Vinoli Oneth"]
[Result "1-0"]
[WhiteElo "1579"]
[BlackElo "1252"]
[PlyCount "51"]
[EventDate "2017.05.12"]
[EventType "swiss"]
[EventRounds "10"]
[EventCountry "SRI"]
[SourceTitle "CBM 178 Extra"]
[Source "ChessBase"]
[SourceDate "2017.06.22"]
[SourceVersion "1"]
[SourceVersionDate "2017.06.22"]
[SourceQuality "1"]

1. e4 d5 2. exd5 Qxd5 3. Nc3 Qd6 4. Nf3 Nf6 5. d4 a6 6. Bc4 b5 7. Bb3 Nbd7 8. 0-0 e6 9. Re1 Be7 10. d5 Nc5 11. dxe6 Nxe6 12. Qe2 0-0 13. Bg5 Re8 14. Rad1 Qb6 15. Bxf6 Bxf6 16. Nd5 Qa7 17. Nxf6+ gxf6 18. Nd4 Ng7 19. Qf3 c5 20. Rxe8+ Nxe8 21. Bd5 Bb7 22. Bxb7 Rd8 23. Qg4+ Kh8 24. Qe4 Rxd4 25. Rxd4 cxd4 26. h4 1-0

[Event "SRI-chB (Women)"]
[Site "Narahenpita"]
[Date "2017.05.14"]
[Round "5"]
[White "Mendis, Dasuni Hansika"]
[Black "Gunawardana, IMTM"]
[Result "1/2-1/2"]
[WhiteElo "1715"]
[BlackElo "1579"]
[PlyCount "24"]
[EventDate "2017.05.12"]
[EventType "swiss"]
[EventRounds "10"]
[EventCountry "SRI"]
[SourceTitle "CBM 178 Extra"]
[Source "ChessBase"]
[SourceDate "2017.06.22"]
[SourceVersion "1"]
[SourceVersionDate "2017.06.22"]
[SourceQuality "1"]

1. e4 e5 2. Nf3 Nc6 3. Bb5 a6 4. Ba4 Nf6 5. 0-0 Nxe4 6. d4 b5 7. Bb3 d5 8. dxe5 Be6 9. c3 Be7 10. Nbd2 Nc5 11. Bc2 0-0 12. Nb3 Nd7 1/2-1/2

[Event "SRI-chB (Women)"]
[Site "Colombo"]
[Date "2016.03.20"]
[Round "7"]
[White "Jayasekera, Himasha Dulanji"]
[Black "Gunawardana, IMTM"]
[Result "1/2-1/2"]
[WhiteElo "1378"]
[BlackElo "1590"]
[PlyCount "87"]
[EventDate "2016.03.12"]
[EventType "swiss"]
[EventRounds "10"]
[EventCountry "SRI"]
[SourceTitle "CBM 171 Extra"]
[Source "ChessBase"]
[SourceDate "2016.04.26"]
[SourceVersion "1"]
[SourceVersionDate "2016.04.26"]
[SourceQuality "1"]

1. d4 Nf6 2. e3 d5 3. Bd3 e6 4. f4 c5 5. c3 c4 6. Bc2 Nc6 7. Nf3 b5 8. b3 b4 9. bxc4 dxc4 10. Qe2 Qb6 11. Nbd2 bxc3 12. Nxc4 Qc7 13. Nce5 Nxe5 14. Nxe5 Bd6 15. Qb5+ Nd7 16. 0-0 Rb8 17. Qd3 f6 18. Nxd7 Bxd7 19. Qd1 g6 20. Qf3 f5 21. h3 Qc6 22. Qxc6 Bxc6 23. Kf2 h6 24. Bd1 Be4 25. a3 Kf7 26. Bf3 Rhc8 27. Bxe4 fxe4 28. Ke2 Bc7 29. Kd1 Ba5 30. Kc2 Rb5 31. g4 Kf6 32. h4 h5 33. g5+ Kf5 34. Rg1 Rc6 35. Rg3 Bc7 36. Rg2 Bd6 37. Rg1 a5 38. Rg2 a4 39. Rg3 Rb3 40. Rg2 Rcb6 41. Rg3 Rb7 42. Rg1 Rd7 43. Rg3 Bb8 44. Rg2 1/2-1/2

[Event "SRI-chB (Women)"]
[Site "Colombo"]
[Date "2016.03.19"]
[Round "5"]
[White "Herath, Sanduni"]
[Black "Gunawardana, IMTM"]
[Result "0-1"]
[WhiteElo "1329"]
[BlackElo "1590"]
[PlyCount "64"]
[EventDate "2016.03.12"]
[EventType "swiss"]
[EventRounds "10"]
[EventCountry "SRI"]
[SourceTitle "CBM 171 Extra"]
[Source "ChessBase"]
[SourceDate "2016.04.26"]
[SourceVersion "1"]
[SourceVersionDate "2016.04.26"]
[SourceQuality "1"]

1. f4 d5 2. e3 g6 3. d4 Bg7 4. Nf3 Nf6 5. Bd3 Bf5 6. 0-0 e6 7. Na3 Nc6 8. Bb5 a6 9. Bxc6+ bxc6 10. Ne5 Qd6 11. c4 0-0 12. c5 Qe7 13. Nxc6 Qe8 14. Ne5 Nd7 15. Nxd7 Qxd7 16. Bd2 f6 17. Bc3 Rae8 18. b4 e5 19. dxe5 fxe5 20. Nc2 c6 21. g3 Bg4 22. Qd2 exf4 23. Bxg7 Qxg7 24. Rxf4 Rxf4 25. gxf4 g5 26. fxg5 Bf5 27. Nd4 Re4 28. Rf1 Qxg5+ 29. Kh1 Rxd4 30. Rxf5 Qxf5 31. Qg2+ Rg4 32. Qxg4+ Qxg4 0-1

[Event "SRI-chB (Women)"]
[Site "Colombo"]
[Date "2016.03.12"]
[Round "2"]
[White "Abeysinghe, HMH Janandani"]
[Black "Gunawardana, IMTM"]
[Result "1-0"]
[WhiteElo "1392"]
[BlackElo "1590"]
[PlyCount "67"]
[EventDate "2016.03.12"]
[EventType "swiss"]
[EventRounds "10"]
[EventCountry "SRI"]
[SourceTitle "CBM 171 Extra"]
[Source "ChessBase"]
[SourceDate "2016.04.26"]
[SourceVersion "1"]
[SourceVersionDate "2016.04.26"]
[SourceQuality "1"]

1. e4 e5 2. Nf3 Nc6 3. d4 exd4 4. Nxd4 Nxd4 5. Qxd4 d6 6. Nc3 Nf6 7. Bc4 Be7 8. 0-0 0-0 9. Bg5 h6 10. Bh4 g5 11. Bg3 h5 12. f4 g4 13. e5 Ne8 14. Qe4 Ng7 15. f5 dxe5 16. Bxe5 Bc5+ 17. Kh1 Re8 18. Bxf7+ Kxf7 19. Qc4+ Kf8 20. Qxc5+ Kg8 21. f6 Nf5 22. Rad1 Bd7 23. Rxf5 Bxf5 24. Rxd8 Raxd8 25. Kg1 c6 26. Bd6 Bg6 27. Be7 Rd7 28. Qe5 Kf7 29. Qg5 Rg8 30. Qc5 b5 31. a4 Bxc2 32. axb5 cxb5 33. Qxb5 Rd4 34. Qc5 1-0

[Event "SRI-chB (Women)"]
[Site "Malabe"]
[Date "2015.06.27"]
[Round "8"]
[White "Gunawardana, IMTM"]
[Black "Jayaweera, Sayuni Gihansa"]
[Result "0-1"]
[WhiteElo "1466"]
[BlackElo "1437"]
[PlyCount "72"]
[EventDate "2015.05.19"]
[EventType "swiss"]
[EventRounds "10"]
[EventCountry "SRI"]
[SourceTitle "EXT 2016"]
[Source "ChessBase"]
[SourceDate "2015.10.08"]
[SourceVersion "1"]
[SourceVersionDate "2015.10.08"]
[SourceQuality "1"]

1. e4 c5 2. Nf3 Nc6 3. Bb5 Qb6 4. Bxc6 Qxc6 5. d3 g6 6. 0-0 Bg7 7. Re1 Nf6 8. e5 Nd5 9. c3 0-0 10. d4 c4 11. b3 b5 12. a4 b4 13. bxc4 Qxc4 14. cxb4 Nxb4 15. Na3 Qd3 16. Bd2 Nd5 17. Qc2 Qxc2 18. Nxc2 Ba6 19. Nb4 Bc4 20. Nxd5 Bxd5 21. Bb4 Rfe8 22. Rac1 Rab8 23. Bc5 a6 24. Rb1 Bf8 25. h4 Ba2 26. Rbc1 d6 27. exd6 exd6 28. Rxe8 Rxe8 29. Ba3 Bd5 30. Rc7 Re2 31. Bb4 Rb2 32. Bc3 Rb7 33. Rc8 Kg7 34. Nd2 Be7 35. g3 Bf6 36. Nc4 Rb1+ 0-1

[Event "SRI-chB (Women)"]
[Site "Malabe"]
[Date "2015.06.27"]
[Round "7"]
[White "Hewawasam, HY Nevanjee Dimanya"]
[Black "Gunawardana, IMTM"]
[Result "0-1"]
[WhiteElo "1277"]
[BlackElo "1466"]
[PlyCount "122"]
[EventDate "2015.05.19"]
[EventType "swiss"]
[EventRounds "10"]
[EventCountry "SRI"]
[SourceTitle "EXT 2016"]
[Source "ChessBase"]
[SourceDate "2015.10.08"]
[SourceVersion "1"]
[SourceVersionDate "2015.10.08"]
[SourceQuality "1"]

1. e4 e5 2. Nf3 Nc6 3. Bb5 a6 4. Ba4 Nf6 5. 0-0 Nxe4 6. d4 b5 7. Bb3 d5 8. dxe5 Be6 9. Qe2 Be7 10. Rd1 Na5 11. Be3 Nxb3 12. axb3 0-0 13. c4 c6 14. Nbd2 Qc8 15. Rac1 Nxd2 16. Nxd2 dxc4 17. bxc4 Rd8 18. b3 Bb4 19. Bg5 Bxd2 20. Rxd2 Rxd2 21. Qxd2 bxc4 22. bxc4 h6 23. Be7 Qb7 24. Bd6 a5 25. Qc2 a4 26. Rb1 Qa6 27. Ra1 Qxc4 28. Qxc4 Bxc4 29. f4 Bb3 30. Kf2 Rc8 31. Rc1 Ra8 32. Ra1 Ra5 33. Ke3 Rd5 34. Rc1 Ra5 35. Ra1 c5 36. Kd3 c4+ 37. Kd4 Kh7 38. f5 Kg8 39. g4 Ra8 40. h3 Ra6 41. Bc5 Rc6 42. Rc1 Kh7 43. h4 g6 44. f6 g5 45. hxg5 hxg5 46. Rh1+ Kg8 47. Rh5 c3 48. Rxg5+ Kh7 49. Rh5+ Kg6 50. Rh1 c2 51. Rc1 Rc8 52. Ba3 Rc4+ 53. Kd5 Rxg4+ 54. Kd6 Rd4+ 55. Ke7 Re4 56. Rg1+ Kf5 57. Rf1+ Kxe5 58. Bb2+ Kd5+ 59. Kxf7 Kd6+ 60. Kg7 Rg4+ 61. Kf8 Rg8# 0-1

[Event "SRI-chB (Women)"]
[Site "Malabe"]
[Date "2015.06.21"]
[Round "6"]
[White "Gunawardana, IMTM"]
[Black "Thuduwage, Yasasirini Pabasara"]
[Result "0-1"]
[WhiteElo "1466"]
[BlackElo "1373"]
[PlyCount "82"]
[EventDate "2015.05.19"]
[EventType "swiss"]
[EventRounds "10"]
[EventCountry "SRI"]
[SourceTitle "EXT 2016"]
[Source "ChessBase"]
[SourceDate "2015.10.08"]
[SourceVersion "1"]
[SourceVersionDate "2015.10.08"]
[SourceQuality "1"]

1. e4 c5 2. Nf3 d6 3. Bb5+ Bd7 4. Bxd7+ Nxd7 5. 0-0 Ngf6 6. Re1 e6 7. c3 Qc7 8. d4 cxd4 9. cxd4 d5 10. e5 Ne4 11. Nbd2 Nxd2 12. Bxd2 Nb6 13. Rc1 Qd7 14. Re3 Nc4 15. Rec3 Nxb2 16. Qb3 Nc4 17. Bf4 a5 18. a4 Bb4 19. R3c2 0-0 20. Qd3 h6 21. g4 g5 22. Bg3 Qe7 23. h4 f5 24. exf6 Qxf6 25. Kg2 gxh4 26. Nxh4 Qg7 27. Ng6 Rf6 28. Ne5 Nxe5 29. dxe5 Rf7 30. Qd4 Raf8 31. Rg1 Qg6 32. Re2 Qg5 33. Kh1 Rg7 34. Kh2 Qxg4 35. Qxg4 Rxg4 36. Rc2 Rf7 37. Rgc1 Rgg7 38. Bh4 Be7 39. Bxe7 Rxe7 40. Rc5 Ref7 41. Rxa5 Rf5 0-1

[Event "SRI-chB (Women)"]
[Site "Malabe"]
[Date "2015.06.20"]
[Round "4"]
[White "Gunawardana, IMTM"]
[Black "Balasuriya, Sajini Hasara"]
[Result "0-1"]
[WhiteElo "1466"]
[BlackElo "1571"]
[PlyCount "110"]
[EventDate "2015.05.19"]
[EventType "swiss"]
[EventRounds "10"]
[EventCountry "SRI"]
[SourceTitle "EXT 2016"]
[Source "ChessBase"]
[SourceDate "2015.10.08"]
[SourceVersion "1"]
[SourceVersionDate "2015.10.08"]
[SourceQuality "1"]

1. e4 e5 2. Nc3 Nf6 3. f4 d5 4. fxe5 Nxe4 5. Nf3 Bg4 6. Be2 Bxf3 7. Bxf3 Qh4+ 8. g3 Nxc3 9. dxc3 Qe7 10. Bxd5 c6 11. Bb3 Qxe5+ 12. Qe2 Bd6 13. Qxe5+ Bxe5 14. Be3 0-0 15. 0-0-0 b5 16. Rhf1 Bf6 17. g4 Be7 18. Bc5 Bxc5 19. Rxf7 Rxf7 20. Rf1 Na6 21. Rxf7 Kh8 22. h4 Be3+ 23. Kd1 Nc5 24. Rc7 Nxb3 25. cxb3 c5 26. Ke2 Re8 27. Kf3 Bc1 28. Rxc5 Bxb2 29. c4 bxc4 30. bxc4 Bd4 31. Rc6 h6 32. g5 hxg5 33. hxg5 Kh7 34. g6+ Kh6 35. Kg4 Bf6 36. Rc7 Kxg6 37. c5 Re4+ 38. Kf3 Ra4 39. Rb7 Rxa2 40. c6 Rc2 41. c7 Be5 42. Rxa7 Rxc7 43. Ra6+ Kf5 44. Ra8 g5 45. Rf8+ Bf6 46. Rg8 Rc3+ 47. Ke2 g4 48. Kf1 Kf4 49. Rf8 Rc6 50. Kf2 Rc2+ 51. Kf1 Kf5 52. Rg8 Bg5 53. Rf8+ Ke4 54. Re8+ Kf3 55. Re1 Rc1 0-1

[Event "SRI-chB (Women)"]
[Site "Colombo"]
[Date "2014.02.28"]
[Round "5"]
[White "Gunawardana, IMTM"]
[Black "Hettige, Chathuri"]
[Result "1-0"]
[WhiteElo "1354"]
[BlackElo "1574"]
[PlyCount "53"]
[EventDate "2014.02.26"]
[EventType "swiss"]
[EventRounds "10"]
[EventCountry "SRI"]
[SourceTitle "CBM 159 Extra"]
[Source "ChessBase"]
[SourceDate "2014.04.24"]
[SourceVersion "1"]
[SourceVersionDate "2014.04.24"]
[SourceQuality "1"]

1. e4 e5 2. Nc3 Nf6 3. Bc4 Bb4 4. Nge2 c6 5. d3 d5 6. exd5 cxd5 7. Bb3 d4 8. a3 Qa5 9. Bg5 Bxc3+ 10. bxc3 Nbd7 11. 0-0 dxc3 12. Qe1 0-0 13. Nxc3 b6 14. Bd2 Qc5 15. Ne4 Qc6 16. Bb4 Nc5 17. f4 Nfxe4 18. dxe4 Nxb3 19. cxb3 Re8 20. Rc1 Qd7 21. f5 Ba6 22. Rf3 Qd4+ 23. Kh1 f6 24. Rg3 Rac8 25. Rd1 Qb2 26. Rd7 g6 27. fxg6 1-0